| 000 | 00776cac a2200241 a 4500 | ||
|---|---|---|---|
| 003 | Co-PeBPM | ||
| 005 | 20240503165715.0 | ||
| 007 | ta | ||
| 008 | 231129s1968||||ck a||||||||||||| ||spa|| | ||
| 040 |
_aCo-PeBPM _bspa _cCo-PeBPM _erda |
||
| 041 | _aspa | ||
| 082 | 0 | 4 |
_a001.942 F965v _222 |
| 100 |
_aFuller, John G. _eautor |
||
| 245 | 0 |
_aEl viaje interrumpido _b: dos horas olvidadas a bordo de un platillo volante _c/ John G. Fuller; traducción Jesús Pardo |
|
| 250 | _aPrimera edición | ||
| 260 |
_aBarcelona, España _b: Plaza y Janes Editores, _c1968 |
||
| 300 |
_a374 página _c21 centímetros |
||
| 490 | _aOtros Mundos | ||
| 650 |
_aHistoria _2Lemb _vCuriosidades y enigmas |
||
| 650 |
_aUfología _2Lemb |
||
| 700 |
_aPardo, Jesús _etraducción |
||
| 942 |
_2ddc _cBK |
||
| 999 |
_c12673 _d12673 |
||